[Event "15PCR_PF4"]
[Site "?"]
[Date "2004.??.??"]
[Round "?"]
[White "Svrsek, Radomir"]
[Black "Kotrc, Michal"]
[Result "1/2-1/2"]
[WhiteElo "2194"]
[BlackElo "2131"]
[PlyCount "124"]
[EventDate "2004.??.??"]
[SourceDate "2005.03.08"]

1. e4 c6 2. d4 d5 3. e5 Bf5 4. Nf3 e6 5. Be2 Ne7 6. O-O h6 7. Be3 Nd7 8. Nbd2
c5 9. dxc5 Nc6 10. c4 Bxc5 11. cxd5 exd5 12. Nb3 Bxe3 13. fxe3 Be6 14. Nbd4 Qb6
15. Bb5 O-O 16. Bxc6 bxc6 17. Rc1 c5 18. Nxe6 fxe6 19. b3 a5 20. Qc2 a4 21. Rf2
Rab8 22. e4 axb3 23. axb3 d4 24. Rb1 Qa6 25. Rbf1 Qb5 26. Rb1 d3 27. Qc3 c4 28.
Rfb2 Qc5+ 29. Kh1 Rb4 30. h3 Rfb8 31. Kh2 cxb3 32. Qxd3 Nxe5 33. Nxe5 Qxe5+ 34.
Kg1 Rxe4 35. Rxb3 Re1+ 36. Rxe1 Qxe1+ 37. Kh2 Rxb3 38. Qxb3 Qe5+ 39. g3 Qe2+
40. Kg1 Kf7 41. Qb7+ Kf6 42. Qb4 Qd1+ 43. Kf2 Qc2+ 44. Ke3 Qf5 45. h4 Kg6 46.
Qd4 e5 47. Qd1 Kf7 48. Qd8 Qe6 49. h5 Qc6 50. Qd3 Qb6+ 51. Ke2 Ke7 52. Qc2 Qd4
53. Qc7+ Kf8 54. Qc8+ Kf7 55. Qb7+ Ke6 56. Qxg7 Qe4+ 57. Kf2 Qf5+ 58. Ke1 Qxh5
59. Qg8+ Qf7 60. Qg4+ Kf6 61. Qf3+ Kg7 62. Qg4+ Kh8 1/2-1/2

[Event "15PCR_PF4"]
[Site "?"]
[Date "2004.??.??"]
[Round "?"]
[White "Kotrc, Michal"]
[Black "Krouzel, Jaroslav"]
[Result "1/2-1/2"]
[WhiteElo "2131"]
[BlackElo "2334"]
[PlyCount "124"]
[EventDate "2004.??.??"]
[SourceDate "2005.03.08"]

1. e4 e6 2. d4 d5 3. Nd2 Nc6 4. Ngf3 Nf6 5. e5 Nd7 6. Nb3 Be7 7. Bb5 a5 8. a4
Na7 9. Be2 b6 10. O-O c5 11. Be3 Nc6 12. c4 Nb4 13. dxc5 bxc5 14. cxd5 Nxd5 15.
Bd2 Ba6 16. Bxa6 Rxa6 17. Qe2 Qb6 18. Bc3 O-O 19. Nbd2 Qb7 20. Qe4 Rb8 21. Rfd1
N7b6 22. h4 h6 23. Qg4 Qc7 24. Ne4 Nxc3 25. Nxc3 Qc6 26. b3 Ra7 27. Nb5 Rd7 28.
Rxd7 Qxd7 29. Qe4 c4 30. bxc4 Rc8 31. Rc1 Nxa4 32. Qe1 Bb4 33. Qe2 Rd8 34. h5
Nb6 35. Nfd4 Rc8 36. Nf3 Bf8 37. Rd1 Qc6 38. Nd6 Bxd6 39. exd6 Qxc4 40. Qxc4
Nxc4 41. Rd4 Nb6 42. d7 Rd8 43. Rd6 Nd5 44. Ne5 Ne7 45. Ra6 Kf8 46. Ra7 a4 47.
f4 f6 48. Nd3 Nc6 49. Rxa4 Rxd7 50. Ra6 Nd4 51. Nc5 Re7 52. Kf2 Kf7 53. Ke3 Nb5
54. Ra5 Nc3 55. Ne4 Nd5+ 56. Kf3 f5 57. Nd6+ Kf6 58. g3 Rd7 59. Ra6 Rd8 60. Nc4
Rc8 61. Ne5 Rc3+ 62. Kf2 Rc2+ 1/2-1/2

[Event "15PCR_PF4"]
[Site "?"]
[Date "2004.??.??"]
[Round "?"]
[White "Jirku, Jaroslav"]
[Black "Kotrc, Michal"]
[Result "1/2-1/2"]
[WhiteElo "2244"]
[BlackElo "2131"]
[PlyCount "98"]
[EventDate "2004.??.??"]
[SourceDate "2005.03.08"]

1. e4 c6 2. d4 d5 3. Nc3 dxe4 4. Nxe4 Nf6 5. Nxf6+ exf6 6. Bc4 Qe7+ 7. Qe2 Be6
8. Bxe6 Qxe6 9. Bf4 Be7 10. Qxe6 fxe6 11. O-O-O c5 12. d5 exd5 13. Rxd5 Nc6 14.
c3 Kf7 15. Nf3 Rad8 16. Rdd1 g5 17. Bc7 Rxd1+ 18. Rxd1 h5 19. h4 b5 20. Bg3 Rd8
21. Rxd8 Bxd8 22. b3 Ke6 23. Kc2 Kd5 24. Nd2 c4 25. bxc4+ bxc4 26. Nf1 Bb6 27.
f3 Ne5 28. Bxe5 Kxe5 29. hxg5 fxg5 30. Kd2 h4 31. Ke2 Kf4 32. a4 Ba5 33. Kd2 h3
34. gxh3 Kxf3 35. Ne3 Kg3 36. Nxc4 Bc7 37. Ne3 Kxh3 38. Ke2 g4 39. c4 Bf4 40.
Nd5 Bd6 41. Ne3 Bc5 42. Nd5 Kh2 43. Kf1 Kg3 44. Ke2 a6 45. Nf6 Kf4 46. Nd5+ Ke5
47. Kf1 Kd4 48. Nf6 g3 49. Kg2 Kxc4 1/2-1/2

[Event "15PCR_PF4"]
[Site "?"]
[Date "2004.??.??"]
[Round "?"]
[White "Kotrc, Michal"]
[Black "Jirku, Jaroslav"]
[Result "1/2-1/2"]
[WhiteElo "2131"]
[BlackElo "2244"]
[PlyCount "93"]
[EventDate "2004.??.??"]
[SourceDate "2005.03.08"]

1. e4 e5 2. Nf3 Nc6 3. Bb5 a6 4. Ba4 Nf6 5. O-O Be7 6. Re1 b5 7. Bb3 O-O 8. a4
Bb7 9. d3 d6 10. Nbd2 Na5 11. Ba2 c5 12. Nf1 b4 13. Bd2 Qd7 14. c3 bxc3 15.
bxc3 Bc6 16. Ne3 Rab8 17. Bc1 Rb7 18. Nf5 Rfb8 19. Bg5 h6 20. Bh4 Bd8 21. Nd2
Kh7 22. Nc4 Bxa4 23. Qf3 Nxc4 24. Bxc4 Bb5 25. Ba2 Rb6 26. Bxf6 Bxf6 27. Ne3
R6b7 28. Bd5 Ra7 29. c4 Bc6 30. Bxc6 Qxc6 31. Nd5 Bg5 32. Ra2 Rb3 33. Rea1 Qb7
34. Qd1 Bd8 35. Qc2 a5 36. Nc3 Ra6 37. Nd5 Ra8 38. Nc3 Rb8 39. Nb5 Rb4 40. h3
Qd7 41. Qe2 g6 42. Qf3 Kg7 43. Qe3 Qe6 44. Ra3 Rb7 45. Qf3 Rb2 46. Ra4 Qf6 47.
Qe3 1/2-1/2